Home Print Resources E-Books E-Journals IIMT Lecture Series Library Membership Form Book Recommendation Form Campus Tour Take AdmissionAbout Us Contact Us

KALYAN, SHRIMAD BHAGWAT KRIPA (Record no. 56761)

000 -LEADER
fixed length control field 00362nam a22001457a 4500
003 - CONTROL NUMBER IDENTIFIER
control field OSt
005 - DATE AND TIME OF LATEST TRANSACTION
control field 20230614102355.0
008 - FIXED-LENGTH DATA ELEMENTS--GENERAL INFORMATION
fixed length control field 230614b |||||||| |||| 00| 0 eng d
040 ## - CATALOGING SOURCE
Transcribing agency IIMT UNIVERSITY, MEERUT
100 ## - MAIN ENTRY--PERSONAL NAME
Personal name GEETA PRESS, GORAKHPUR
245 ## - TITLE STATEMENT
Title KALYAN, SHRIMAD BHAGWAT KRIPA
260 ## - PUBLICATION, DISTRIBUTION, ETC.
Place of publication, distribution, etc. GEETA PRESS
Name of publisher, distributor, etc. GORAKHPUR
300 ## - PHYSICAL DESCRIPTION
Extent 426
942 ## - ADDED ENTRY ELEMENTS (KOHA)
Source of classification or shelving scheme
Koha item type Specimen
Holdings
Withdrawn status Lost status Source of classification or shelving scheme Damaged status Not for loan Home library Current library Date acquired Barcode Date last seen Price effective from Koha item type
          IIMT University Central Library Meerut IIMT University Central Library Meerut 06/14/2023 28-S-2553 06/14/2023 06/14/2023 Rare Book
IIMT, Central Library. All Rights Reserved IIMT,UNIVERSITY © 2023
Implemented and Customised by I CLOUDE EMS
You Are OPAC Visitor No
free web counter

Powered by Koha